Bytový dom

Salvato in:
Dettagli Bibliografici
Autore principale: Purdek, Jakub (Autore)
Altri autori: Minarovičová, Katarína (Relatore della tesi)
Natura: Manoscritto Libro
Lingua:slovacco
Pubblicazione: 2019
Soggetti:
Accesso online:http://is.stuba.sk/zp/portal_zp.pl?podrobnosti=146205
https://opac.crzp.sk/?fn=detailBiblioForm&sid=24C5901A55BE88273B43CAD1E80C
Tags: Aggiungi Tag
Nessun Tag, puoi essere il primo ad aggiungerne!!

MARC

LEADER 00000ntm a22000003a 4500
001 stuzp69569
003 SK-STU
005 20230628135821.0
007 ta
008 150427s2015----xo-----f-mn---000-0-slo-d
040 |a STU  |b slo 
041 0 |a slo 
100 1 |a Purdek, Jakub  |u 010180  |4 aut  |U SvF Stavebná fakulta  |T SvF Katedra konštrukcií pozemných stavieb  |X 54795  |U V180  |Y 18  |7 54795 
242 0 1 |a Residential building  |y eng 
245 1 0 |a Bytový dom 
260 |c 2019 
650 4 |a bytový dom  |2 slo 
650 4 |a projekt na realizáciu stavby  |2 slo 
650 4 |a technická správa  |2 slo 
650 4 |a construction project  |2 eng 
650 4 |a technical report  |2 eng 
650 4 |a residential house  |2 eng 
700 1 |a Minarovičová, Katarína  |u 010180  |k Z1  |4 ths  |U SvF Stavebná fakulta  |T SvF Katedra konštrukcií pozemných stavieb  |X 773  |U V180  |Y 18  |7 A000000773 
856 4 |u http://is.stuba.sk/zp/portal_zp.pl?podrobnosti=146205 
856 4 |u https://opac.crzp.sk/?fn=detailBiblioForm&sid=24C5901A55BE88273B43CAD1E80C